Mexicanos___ ¡a la bolsa! /

Obra que de manera accesible plantea por un lado, las diversas operaciones que se realizan en la Bolsa Mexicana de Valores y los términos frecuentes empleados en el mercado bursátil y por otro, las bases fundamentales para que un principiante empiece a invertir en la Bolsa. En el capítulo final se i...

Celý popis

Uloženo v:
Podrobná bibliografie
Hlavní autor: Treviño, Lourdes (autor)
Další autoři: Medina, Mauricio de (autor) (autor)
Médium: Kniha
Jazyk:španělština
Vydáno: México : Miguel Angel Porrúa, 2014, c2014
Vydání:2a edición
Edice:(Las Ciencias Sociales Miguel Angel Porrúa. Tercera Década)
Témata:
Tagy: Přidat tag
Žádné tagy, Buďte první, kdo vytvoří štítek k tomuto záznamu!

MARC

LEADER 00000nam^a2200000^a^4500
001 000350725
005 20250521000000.0
009 20260310114952.005
020 |a 978-607-401-645-1 
037 |a Acervo ITESO - Biblioteca 
041 |a ESP 
082 |a 332. 64272  |b TRE 
100 |a Treviño, Lourdes  |e (autor) 
245 1 0 |a Mexicanos___ ¡a la bolsa! /  |c L. Treviño, M. de Medina. 
250 |a 2a edición 
264 4 |a México :  |b Miguel Angel Porrúa,  |c 2014, c2014 
300 |a 215 p. 
336 |a texto  |b txt  |2 rdacontenido 
337 |a sin mediación  |b n  |2 rdamedio 
338 |a volumen  |b nc  |2 rdasoporte 
440 4 |a (Las Ciencias Sociales Miguel Angel Porrúa.  |p Tercera Década) 
520 |a Obra que de manera accesible plantea por un lado, las diversas operaciones que se realizan en la Bolsa Mexicana de Valores y los términos frecuentes empleados en el mercado bursátil y por otro, las bases fundamentales para que un principiante empiece a invertir en la Bolsa. En el capítulo final se incluye las frases célebres de algunos inversionistas célebres. 
649 |a XX 
650 |a Bolsa Mexicana de Valores -  |x Tema Principal 
650 |a Fondos de Inversión 
650 |a Inversiones 
650 |a Mercado de Valores -  |z México 
650 |a Mercado de Valores -  |x Citas, Máximas, etc. 
650 |a Sistema Financiero -  |z México 
650 |a Finanzas -  |z México 
650 |a Economía -  |z México 
700 |a Medina, Mauricio de  |e (autor) 
910 |a Fondo General 
920 |a Impresos - Libros 
930 |a Colección General 
905 |a 101 
901 |a 0500241282  |b IT1  |c ACC  |i C142579  |u 20250521 
902 |a https://opac.biblio.iteso.mx/vufind/Record/000350725